000 00333 a2200169 4500
001 190069
020 _a978-85-377-0151-5
040 _cMagnum
100 _aBrandão, Toni
240 1 0 _aPará
_lpor
245 1 0 _aPará
300 _a61
362 0 _a2007
440 1 _aEscala Educacional
697 _aGEOGRAFIA
942 _cBK
999 _c190069
_d190069